<?xml version="1.0" encoding="UTF-8"?>
<record
    xmlns:xsi="http://www.w3.org/2001/XMLSchema-instance"
    xsi:schemaLocation="http://www.loc.gov/MARC21/slim http://www.loc.gov/standards/marcxml/schema/MARC21slim.xsd"
    xmlns="http://www.loc.gov/MARC21/slim">

  <leader>01838nam0a2200349   4500</leader>
  <controlfield tag="001">RU\NLR\bibl\171247</controlfield>
  <controlfield tag="005">20260407070051.0</controlfield>
  <datafield tag="010" ind1=" " ind2=" ">
    <subfield code="a">5-7442-1265-5</subfield>
    <subfield code="9">300</subfield>
  </datafield>
  <datafield tag="021" ind1=" " ind2=" ">
    <subfield code="a">RU</subfield>
    <subfield code="b">2001-7632&#x43F;</subfield>
    <subfield code="9">267&#x43F;</subfield>
  </datafield>
  <datafield tag="035" ind1=" " ind2=" ">
    <subfield code="a">(NLR Aleph) 000168027</subfield>
  </datafield>
  <datafield tag="090" ind1=" " ind2=" ">
    <subfield code="a">967707</subfield>
    <subfield code="c">967707</subfield>
  </datafield>
  <datafield tag="100" ind1=" " ind2=" ">
    <subfield code="a">20010718d2001    |||y0rusy50      ca</subfield>
  </datafield>
  <datafield tag="101" ind1="0" ind2=" ">
    <subfield code="a">rus</subfield>
    <subfield code="d">eng</subfield>
  </datafield>
  <datafield tag="102" ind1=" " ind2=" ">
    <subfield code="a">RU</subfield>
  </datafield>
  <datafield tag="105" ind1=" " ind2=" ">
    <subfield code="a">a   |||||||||</subfield>
  </datafield>
  <datafield tag="200" ind1="1" ind2=" ">
    <subfield code="a">&#x411;&#x438;&#x43E;&#x433;&#x435;&#x43E;&#x445;&#x438;&#x43C;&#x438;&#x447;&#x435;&#x441;&#x43A;&#x438;&#x435; &#x438; &#x433;&#x438;&#x434;&#x440;&#x43E;&#x44D;&#x43A;&#x43E;&#x43B;&#x43E;&#x433;&#x438;&#x447;&#x435;&#x441;&#x43A;&#x438;&#x435; &#x43E;&#x441;&#x43E;&#x431;&#x435;&#x43D;&#x43D;&#x43E;&#x441;&#x442;&#x438; &#x44D;&#x43A;&#x43E;&#x441;&#x438;&#x441;&#x442;&#x435;&#x43C; &#x431;&#x430;&#x441;&#x441;&#x435;&#x439;&#x43D;&#x430; &#x440;&#x435;&#x43A;&#x438; &#x410;&#x43C;&#x443;&#x440;</subfield>
    <subfield code="d">Biogeochemical and hydroecological features of the Amur basin ecosystems</subfield>
    <subfield code="f">&#x420;&#x43E;&#x441;. &#x430;&#x43A;&#x430;&#x434;. &#x43D;&#x430;&#x443;&#x43A;, &#x418;&#x43D;-&#x442; &#x432;&#x43E;&#x434;. &#x438; &#x44D;&#x43A;&#x43E;&#x43B;. &#x43F;&#x440;&#x43E;&#x431;&#x43B;.</subfield>
    <subfield code="g">[&#x41E;&#x442;&#x432;. &#x440;&#x435;&#x434;. &#x434;.&#x433;.-&#x43C;.&#x43D;., &#x43F;&#x440;&#x43E;&#x444;. &#x41F;.&#x412;. &#x418;&#x432;&#x430;&#x448;&#x43E;&#x432;]</subfield>
    <subfield code="z">eng</subfield>
  </datafield>
  <datafield tag="210" ind1=" " ind2=" ">
    <subfield code="a">&#x412;&#x43B;&#x430;&#x434;&#x438;&#x432;&#x43E;&#x441;&#x442;&#x43E;&#x43A;</subfield>
    <subfield code="c">&#x414;&#x430;&#x43B;&#x44C;&#x43D;&#x430;&#x443;&#x43A;&#x430;</subfield>
    <subfield code="d">2001</subfield>
  </datafield>
  <datafield tag="215" ind1=" " ind2=" ">
    <subfield code="a">219,[2] &#x441;.</subfield>
    <subfield code="c">&#x438;&#x43B;.</subfield>
    <subfield code="d">20</subfield>
  </datafield>
  <datafield tag="300" ind1=" " ind2=" ">
    <subfield code="a">&#x420;&#x435;&#x437;. &#x43D;&#x430; &#x430;&#x43D;&#x433;&#x43B;. &#x44F;&#x437;.</subfield>
  </datafield>
  <datafield tag="309" ind1=" " ind2=" ">
    <subfield code="a">&#x41D;&#x430; &#x442;&#x438;&#x442;.&#x43B;.: &#x412;&#x44B;&#x43F;. 11</subfield>
  </datafield>
  <datafield tag="320" ind1=" " ind2=" ">
    <subfield code="a">&#x411;&#x438;&#x431;&#x43B;&#x438;&#x43E;&#x433;&#x440;. &#x432; &#x43A;&#x43E;&#x43D;&#x446;&#x435; &#x441;&#x442;.</subfield>
  </datafield>
  <datafield tag="510" ind1="0" ind2=" ">
    <subfield code="a">Biogeochemical and hydroecological features of the Amur basin ecosystems</subfield>
    <subfield code="z">eng</subfield>
  </datafield>
  <datafield tag="606" ind1="1" ind2=" ">
    <subfield code="a">&#x42D;&#x43A;&#x43E;&#x43B;&#x43E;&#x433;&#x43E;-&#x431;&#x438;&#x43E;&#x433;&#x435;&#x43E;&#x445;&#x438;&#x43C;&#x438;&#x447;&#x435;&#x441;&#x43A;&#x438;&#x435; &#x438;&#x441;&#x441;&#x43B;&#x435;&#x434;&#x43E;&#x432;&#x430;&#x43D;&#x438;&#x44F;</subfield>
    <subfield code="x">&#x411;&#x430;&#x441;&#x441;&#x435;&#x439;&#x43D;</subfield>
    <subfield code="y">&#x410;&#x43C;&#x443;&#x440;, &#x440;&#x435;&#x43A;&#x430; (&#x414;&#x430;&#x43B;&#x44C;&#x43D;&#x438;&#x439; &#x412;&#x43E;&#x441;&#x442;&#x43E;&#x43A;)</subfield>
    <subfield code="9">2227369</subfield>
    <subfield code="3">RU\NLR\auth\661337076</subfield>
  </datafield>
  <datafield tag="686" ind1=" " ind2=" ">
    <subfield code="a">&#x415;072.9(2&#x420;55,33)</subfield>
  </datafield>
  <datafield tag="686" ind1=" " ind2=" ">
    <subfield code="a">&#x415;082.411(2&#x420;55,33)</subfield>
  </datafield>
  <datafield tag="702" ind1=" " ind2="1">
    <subfield code="a">&#x418;&#x432;&#x430;&#x448;&#x43E;&#x432;</subfield>
    <subfield code="b">&#x41F;. &#x412;.</subfield>
    <subfield code="4">340</subfield>
  </datafield>
  <datafield tag="711" ind1="0" ind2="2">
    <subfield code="a">&#x418;&#x43D;&#x441;&#x442;&#x438;&#x442;&#x443;&#x442; &#x432;&#x43E;&#x434;&#x43D;&#x44B;&#x445; &#x438; &#x44D;&#x43A;&#x43E;&#x43B;&#x43E;&#x433;&#x438;&#x447;&#x435;&#x441;&#x43A;&#x438;&#x445; &#x43F;&#x440;&#x43E;&#x431;&#x43B;&#x435;&#x43C;</subfield>
    <subfield code="c">&#x425;&#x430;&#x431;&#x430;&#x440;&#x43E;&#x432;&#x441;&#x43A;</subfield>
    <subfield code="b">&#x41B;&#x430;&#x431;&#x43E;&#x440;&#x430;&#x442;&#x43E;&#x440;&#x438;&#x44F; &#x431;&#x438;&#x43E;&#x433;&#x435;&#x43E;&#x445;&#x438;&#x43C;&#x438;&#x447;&#x435;&#x441;&#x43A;&#x438;&#x445; &#x43E;&#x446;&#x435;&#x43D;&#x43E;&#x43A; &#x437;&#x430;&#x433;&#x440;&#x44F;&#x437;&#x43D;&#x435;&#x43D;&#x438;&#x44F; &#x43E;&#x43A;&#x440;&#x443;&#x436;&#x430;&#x44E;&#x449;&#x435;&#x439; &#x441;&#x440;&#x435;&#x434;&#x44B;</subfield>
    <subfield code="3">RU\NLR\AUTH\8810033541</subfield>
    <subfield code="9">565567</subfield>
  </datafield>
  <datafield tag="801" ind1=" " ind2="0">
    <subfield code="a">RU</subfield>
    <subfield code="b">NLR</subfield>
    <subfield code="c">20010718</subfield>
    <subfield code="g">PSBO</subfield>
  </datafield>
  <datafield tag="801" ind1=" " ind2="1">
    <subfield code="a">RU</subfield>
    <subfield code="b">NLR</subfield>
    <subfield code="c">20010718</subfield>
  </datafield>
  <datafield tag="942" ind1=" " ind2=" ">
    <subfield code="c">BOOK</subfield>
  </datafield>
  <datafield tag="980" ind1=" " ind2=" ">
    <subfield code="a">NB</subfield>
  </datafield>
  <datafield tag="995" ind1=" " ind2=" ">
    <subfield code="5">2001-07-18</subfield>
    <subfield code="a">ad</subfield>
    <subfield code="b">NLR01</subfield>
    <subfield code="c">NLR01</subfield>
    <subfield code="e">RF8</subfield>
    <subfield code="f">141925</subfield>
    <subfield code="k">2001-3/10309</subfield>
    <subfield code="o">0</subfield>
    <subfield code="r">BOOK</subfield>
    <subfield code="s">2001310309_</subfield>
  </datafield>
  <datafield tag="995" ind1=" " ind2=" ">
    <subfield code="5">2001-07-18</subfield>
    <subfield code="a">ad</subfield>
    <subfield code="b">NLR01</subfield>
    <subfield code="c">NLR01</subfield>
    <subfield code="e">RF8</subfield>
    <subfield code="f">141926</subfield>
    <subfield code="k">2001-3/10309</subfield>
    <subfield code="o">0</subfield>
    <subfield code="r">BOOK</subfield>
    <subfield code="s">2001310309_</subfield>
  </datafield>
</record>
